000 00915 a2200217 4500
005 20150826080919.0
008 150826s2014 ck d fr|||| 000 0 spa d
020 _a187973
040 _aCO-BoUCM
_bspa
_cSandra Palacio
_dSandra Palacio
041 0 _aspa
110 1 _aDefensoría del Pueblo
_937191
245 1 _aIndicadores para el monitoreo, advertencia y prevención del reclutamiento y utilización niños, niñas y adolescentes
_cDefensoría del Pueblo
260 _c2015
_bDefensoría del Pueblo
_bImprenta Nacional de Colombia
_aBogotá (Colombia)
300 _a42 páginas
_btablas
650 7 _923791
_aRiesgo (Psicología)
_vGrupos armados
_xReclutamiento
_zColombia
650 7 _aDerechos del niño
_zColombia
_938070
650 7 _916640
_aGuerrillas
_xReclutamiento
_zColombia
690 _942914
_aSociología
942 _2DEWEY
_a5
_cLIBRO
_e1
_h305.235
_mi398
999 _c300831
_d300831